000 01133nam a2200289Ia 4500
003 OSt
005 20220923211311.0
006 a|||||r|||| 00| 0
007 ta
008 220922b |||||||| |||| 00| 0 hin d
020 _a9788179756706 (hbk)
_c900
024 _a324,745
037 _b252, 13/03/2018, Shivalik Prakashan
_cTextual
040 _aARTS
_cARTS
_bhin
041 _2hin
_ahin
082 _aO152,3:g, Q7
100 _aचित्रा, ले.
245 0 _aजादुई यथार्थवाद और समकालीन हिंदी कथा-साहित्य
246 _aJāduī yathārthavād aur samakālīn hiandī kathā-sāhitya
260 _aनई दिल्ली
_b अनामिका पब्लिशर्स
_c2017
300 _a320पृ.
_ccm.
650 _a हिन्दी आलोचना
650 _a हिन्दी साहित्य
_9156264
650 _aहिन्दी कहानी
942 _hO152,3:g, Q7
_cTEXL
_2CC
999 _c298261
_d298261